01063nab a22002297a 450000500170000000800410001704000250005804100080008304400070009110000350009824500340013326000800016730000450024752002250029265000410051765000330055870000270059171000550061877301270067394200160080099900170081620150806105747.0150805b1978 ck |||||r|||| 00| 0 spa d aCO-BoIAVHcCO-BoIAVH0 aspa ack1 aJaramillo Plitt, José9365911 aEl riesgo de los insectisidas3 aIbagué (Colombia):bCentro de publicadores Universidad del Tolima,c1978. aSuplemento cuarto, Año 1978, Pag. 1-2. aEl constante aumento de la población humana y proporcionalmente la demanda de alimentos, han obligado al hombre a desarrollar nuevos métodos y técnicas para aumentar la producción y productividad de los cultivos. 4aInsectisidasxInvestigación936651 4aInsectisidasxEfectos9366521 aRestrepo, Carlos959021 aUniversidad del Tolimab, Grupo ecológico9366530 aUniversidad del Tolima-dIbagué (Colombia): Centro de publicaciones de la Universidad del Tolima, 1977.tSOS ecológico 2zcARTICULO c17650d17650